Tourist Attractions from Above Quiz Stats

 Plays Quiz Updated Jul 24, 2013

Support Sporcle.
Go Orange.
Score 0/16 Timer 05:00
0 Plays Today
Attraction % Correct
Eiffel Tower, France
93%
Stonehenge, UK
90.7%
Giza Pyramid Complex, Egypt
86.1%
Statue of Liberty, USA
83.3%
Sydney Opera House, Australia
72.2%
Colosseum, Italy
68.4%
Taj Mahal, India
63.2%
Alcatraz Island, USA
57.4%
Attraction % Correct
Apostolic Palace & St. Peter's Basilica, Vatican City
54.4%
Tower Bridge, UK
41.6%
Niagara Falls, Canada/USA
41.4%
Chichen Itza, Mexico
33.3%
Uluru, Australia
32.3%
The Parthenon, Greece
27.4%
Forbidden City, China
22.2%
Angkor Wat, Cambodia
9.4%

You're not logged in!

Compare scores with friends on all Sporcle quizzes.
OR
Log In
Forgot?

From the Vault

US TV Drama by Actress II

by babymonkee

Are these ladies the queens of drama or just a bunch of drama queens?
Remove Ads.
Support Sporcle.
Get the best of Sporcle when you Go Orange. This ad-free experience offers more features, more stats, and more fun while also helping to support Sporcle. Thank you for becoming a member.

Show Comments

Extras

Top Quizzes Today


Score Distribution

Your Account Isn't Verified!

In order to create a playlist on Sporcle, you need to verify the email address you used during registration. Go to your Sporcle Settings to finish the process.

Report this User

Report this user for behavior that violates our Community Guidelines.

Details: